书目信息 |
| 题名: |
莎士比亚全集
|
|
| 作者: | 梁实秋 译 | |
| 分册: | 上 | |
| 出版信息: | 海拉尔 内蒙古文化出版社 1995 |
|
| 页数: | 1042页 | |
| 开本: | 19cm | |
| 丛书名: | ||
| 单 册: | ||
| 中图分类: | I561.1 | |
| 科图分类: | ||
| 主题词: | 文学--作品集--英国 | |
| 电子资源: | ||
| ISBN: | 7-80506-423-7 | |
| 000 | 00540nam0 2200193 45 | |
| 001 | 0403251473 | |
| 005 | 20041213151933.9 | |
| 010 | @a7-80506-423-7@dCNY48.80 | |
| 100 | @a20040325d1995 km y0chiy0120 ea | |
| 101 | 0 | @achi |
| 105 | @a z 000by | |
| 200 | 1 | @a莎士比亚全集@ASha Shi Bi Ya Quan Ji@h上@f梁实秋译@FLiang Shi Qiu Yi |
| 210 | @a海拉尔@c内蒙古文化出版社@d1995 | |
| 215 | @a1042页@d19cm | |
| 606 | 0 | @a文学@x作品集@y英国 |
| 690 | @aI561.1@v3 | |
| 701 | 0 | @a梁实秋@4译 |
| 801 | @aCN@bPftUser@c20040325 | |
| 905 | @dI561.1@e125:1≈2 | |
| 莎士比亚全集.上/梁实秋译.-海拉尔:内蒙古文化出版社,1995 |
| 1042页;19cm |
| ISBN 7-80506-423-7:CNY48.80 |
| ● |
| 相关链接 |
|
|
|
|
正题名:莎士比亚全集
索取号:I561.1/125:1≈2
 
预约/预借
| 序号 | 登录号 | 条形码 | 馆藏地/架位号 | 状态 | 备注 |
| 1 | 0289716 | 002897164 | 第二借阅区/ [索取号:I561.1/125:1≈2] | 在馆 | |
| 2 | 0289717 | 002897173 | 第二借阅区/ [索取号:I561.1/125:1≈2] | 在馆 | |
| 3 | 0289718 | 002897182 | 第二借阅区/ [索取号:I561.1/125:1≈2] | 在馆 | |
| 4 | 0289719 | 002897191 | 第二借阅区/ [索取号:I561.1/125:1≈2] | 在馆 | |
| 5 | 0289720 | 002897208 | 第一样本阅览室/ [索取号:I561.1/125:1≈2] | 在馆 |